Exploring the status of settlement schemes in Kenya (Record no. 28614)

MARC details
000 -LEADER
fixed length control field 00538nam a22001817a 4500
003 - CONTROL NUMBER IDENTIFIER
control field PACU
005 - DATE AND TIME OF LATEST TRANSACTION
control field 20161014123151.0
008 - FIXED-LENGTH DATA ELEMENTS--GENERAL INFORMATION
fixed length control field 161014b xxu||||| |||| 00| 0 eng d
020 ## - INTERNATIONAL STANDARD BOOK NUMBER
International Standard Book Number 978-9966-1928-2-0
040 ## - CATALOGING SOURCE
Transcribing agency PACU
050 ## - LIBRARY OF CONGRESS CALL NUMBER
Classification number HD983
Item number .Z7L8 2016
100 ## - MAIN ENTRY--PERSONAL NAME
Personal name Fibian,Lukalo
245 ## - TITLE STATEMENT
Title Exploring the status of settlement schemes in Kenya
Statement of responsibility, etc Fibian Lukalo,Samuel Odari
260 ## - PUBLICATION, DISTRIBUTION, ETC. (IMPRINT)
Place of publication, distribution, etc Nairobi,Kenya
Name of publisher, distributor, etc National Land commission
Date of publication, distribution, etc 2016
300 ## - PHYSICAL DESCRIPTION
Extent 34p.;
Other physical details ill
Dimensions 23cm
650 ## - SUBJECT ADDED ENTRY--TOPICAL TERM
Topical term or geographic name as entry element Land
Topical term following geographic name as entry element Settlement schemes
Geographic subdivision Kenya
942 ## - ADDED ENTRY ELEMENTS (KOHA)
Source of classification or shelving scheme Library of Congress Classification
Item type Special Collections
Holdings
Withdrawn status Lost status Source of classification or shelving scheme Damaged status Not for loan Collection code Home library Current library Shelving location Date acquired Source of acquisition Total Checkouts Full call number Barcode Date last seen Copy number Price effective from Koha item type
    Library of Congress Classification   Not For Loan Non-fiction PAC UNIVERSITY PAC UNIVERSITY Special Collection 14/10/2016 Donation   SPEC HD983 .Z7L8 2016 53612 14/10/2016 C.1 14/10/2016 Special Collections
    Library of Congress Classification   Not For Loan Non-fiction PAC UNIVERSITY PAC UNIVERSITY Special Collection 14/10/2016 Donation   SPEC HD983 .Z7L8 2016 53613 14/10/2016 C.2 14/10/2016 Special Collections

Richard Ondeng' Library |56875-00200,Nairobi | Kenya
Tel: +254-20-2013146 / 2076894 | Mobile: 0721-932050, 0734-400694
Email: enquiries@pacuniversity.ac.ke| Website: www.pacuniversity.ac.ke
Powered by PAC University ICT Department